Bharatar arthonoitik bikash (Record no. 8215)

MARC details
000 -LEADER
fixed length control field 00474cam a2200205ua 4500
008 - FIXED-LENGTH DATA ELEMENTS--GENERAL INFORMATION
fixed length control field 150223n ii |||gr||||Z||||||asm
020 ## - INTERNATIONAL STANDARD BOOK NUMBER
International Standard Book Number 8185905401
040 ## - CATALOGING SOURCE
Transcribing agency MAIN
041 ## - LANGUAGE CODE
-- asm
082 ## - DEWEY DECIMAL CLASSIFICATION NUMBER
Classification number 330.954
100 ## - MAIN ENTRY--PERSONAL NAME
Personal name Baruah, H.,
Relator term
245 1# - TITLE STATEMENT
Title Bharatar arthonoitik bikash
Statement of responsibility, etc. By Hem Baruah
250 ## - EDITION STATEMENT
Edition statement 1st.
260 ## - PUBLICATION, DISTRIBUTION, ETC.
Place of publication, distribution, etc. Guwahati:
Name of publisher, distributor, etc. Students,
Date of publication, distribution, etc. 2010.
300 ## - PHYSICAL DESCRIPTION
Extent 156p.
942 ## - ADDED ENTRY ELEMENTS (KOHA)
Koha item type Books
653 ## - INDEX TERM--UNCONTROLLED
Uncontrolled term Economics
653 ## - INDEX TERM--UNCONTROLLED
Uncontrolled term Indian economics
Holdings
Withdrawn status Lost status Damaged status Not for loan Home library Current library Date acquired Total Checkouts Full call number Barcode Date last seen Copy number Price effective from Koha item type Date last checked out
        Central Library, Naharkatiya College Central Library, Naharkatiya College 19/09/2020   330.954 | BAR 19682 19/09/2020 3 19/09/2020 Books  
        Central Library, Naharkatiya College Central Library, Naharkatiya College 19/09/2020 2 330.954 | BAR 19683 24/06/2024 2 19/09/2020 Books 11/06/2024
        Central Library, Naharkatiya College Central Library, Naharkatiya College 19/09/2020   330.954 | BAR 19684 19/09/2020 5 19/09/2020 Books  
        Central Library, Naharkatiya College Central Library, Naharkatiya College 19/09/2020   330.954 | BAR 19685 19/09/2020 1 19/09/2020 Books  
        Central Library, Naharkatiya College Central Library, Naharkatiya College 19/09/2020   330.954 | BAR 20089 19/09/2020 4 19/09/2020 Books  

Naharkatiya College © 2020. All rights reserved.

Powered By